Quizz Culture générale autour du mot "Pot" - Statistiques

Statistiques générales
  • Ce quiz a été pris 35 fois
  • Le résultat moyen est 16 sur 30
Statistiques - réponses
Question Réponse % Correct
Pol Pot a été dictateur.... au Cambodge
100%
Avoir du pot, ce n'est pas... Avoir la guigne
100%
Quelle viande est indispensable au pot-au-feu ? boeuf
100%
Quel est le pot qu'on découvre quand on dévoile une supercherie ? le pot aux roses
100%
Manger à la fortune du pot signifie Manger ce qui est disponible
100%
Dans quelle circonstance fait-on un pot chez son employeur ? quand on célèbre un événement privé
100%
Que peut-on donner pour obtenir quelque chose par faveur ? un pot-de-vin
100%
On met ce dessert en pot, quel orthographe le concernant est incorrecte en français ? yogourth
100%
Dans quel jeu appelle-t-on pot la somme ou les jetons en jeu ? au poker
67%
Quel roi souhaitait que chaque Français ait une poule au pot le dimanche ? Henri IV
67%
Qui a écrit "Le pot de terre et le pot de fer" ? Jean de La Fontaine
67%
On a souvent parlé de "melting pot" à propos d'un pays. Lequel ? Les Etats-Unis
67%
Dans quel jeu enfantin un joeur est-il appelé pot ? les quatre coins
67%
Le plat flamand composé de viandes blanches froides en gelée est le potjevleesch
67%
Quel peintre néerlandais a peint Pot de fleurs à la ciboulette ? Van Gogh
67%
Quel est l'autre nom du pot de chambre ? vase de nuit
67%
Dans le Beaujolais, quelle est la contenance du "pot" ? 46 cl
33%
Comment est celui ou celle qu'on qualifie couramment de Pot à tabac ? Corpulent(e)et petit(e)
33%
Le "pot au noir" est une expression... de marine
33%
Que contient le pot de Perrette dans la célèbre fable ? du lait
33%
Que désigne en argot anglais le mot "pot" le cannabis
33%
Qu'est le potawatomi couramment abrégé en "pot" ? une langue indienne
33%
Que signifie l'expression "un pot fêlé dure longtemps" une personne malade peut vivre longtemps
33%
Que n'est pas un pot-pourri ? Un mélange de légumes plus ou moins avariés
33%
En architecture qu'est ce qui sort du vase appelé "pot" ? des flammes
0%
Comment peut-on aussi nommer le format de papier 31x40 dénommé "pot" Ecolier
0%
Qui a écrit Pot-Bouille Emile Zola
0%
Quelle fonction a occupé Philippe Pot dont le magnifique tombeau est visible au Louvre ? Sénéchal de Bourgogne
0%
Pot (de confiture) en espagnol se dit... Tarro
0%
Le pot cassé est un poème de... Victor Hugo
0%
Aucun quiz correspondant
Distribution des résultats
% des personnes avec chaque résultat
Percentile par nombre de réponses
Votre historique - résultats
Vous n’avez pas pris ce quiz